A topical approach to life-span development (Record no. 7504)

MARC details
000 -LEADER
fixed length control field 00753nam a22002057a 4500
003 - CONTROL NUMBER IDENTIFIER
control field OSt
005 - DATE AND TIME OF LATEST TRANSACTION
control field 20260119004528.0
008 - FIXED-LENGTH DATA ELEMENTS--GENERAL INFORMATION
fixed length control field 260119b |||||||| |||| 00| 0 eng d
020 ## - INTERNATIONAL STANDARD BOOK NUMBER
International Standard Book Number 0-07-243599-2
040 ## - CATALOGING SOURCE
Original cataloging agency DWC-Main lib
Transcribing agency OC
082 ## - DEWEY DECIMAL CLASSIFICATION NUMBER
Edition number 1st edition
Classification number Circ. 305.2 Sa237t 2002
100 ## - MAIN ENTRY--PERSONAL NAME
Personal name Santrock, J.
245 ## - TITLE STATEMENT
Title A topical approach to life-span development
Statement of responsibility, etc. Santrock, John W.
250 ## - EDITION STATEMENT
Edition statement 1st edition
260 ## - PUBLICATION, DISTRIBUTION, ETC.
Place of publication, distribution, etc. New York :
Name of publisher, distributor, etc. McGraw-Hill Higher education,
Date of publication, distribution, etc. c2002
300 ## - PHYSICAL DESCRIPTION
Extent xv, 579 p. ;
Other physical details colored illustration ;
Dimensions 28 cm
504 ## - BIBLIOGRAPHY, ETC. NOTE
Bibliography, etc. note Includes bibliographical references and index<br/>
650 ## - SUBJECT ADDED ENTRY--TOPICAL TERM
Source of heading or term Developmental psychology
942 ## - ADDED ENTRY ELEMENTS (KOHA)
Source of classification or shelving scheme Dewey Decimal Classification
Koha item type Book Circulation
Edition 1st edition
Classification part Circ. 305.2 Sa237t 2002
Call number prefix Circ.
Suppress in OPAC No
952 ## - LOCATION AND ITEM INFORMATION (KOHA)
--
Holdings
Withdrawn status Lost status Source of classification or shelving scheme Damaged status Not for loan Home library Current library Shelving location Date acquired Source of acquisition Total Checkouts Full call number Barcode Date last seen Copy number Price effective from Koha item type Uniform Resource Identifier
    Dewey Decimal Classification     College Library College Library Circulation 07/22/2005 Donation   Circ. 305.2 Sa237t 2002 CL42138 01/19/2026 c1 01/19/2026 BK-CIRC